5HLuxD.jpg

KING HENRY VIII SENIOR AND PRIMARY SCHOOL LIBRARY OPAC

Scythe / (Record no. 598)

000 -LEADER
fixed length control field 01619pam a2200349 i 4500
001 - CONTROL NUMBER
control field 018635527
003 - CONTROL NUMBER IDENTIFIER
control field Uk
005 - DATE AND TIME OF LATEST TRANSACTION
control field 20190904090656.0
008 - FIXED-LENGTH DATA ELEMENTS--GENERAL INFORMATION
fixed length control field 171020s2018 enk j 000|1|eng|d
015 ## - NATIONAL BIBLIOGRAPHY NUMBER
National bibliography number GBB7N2184
Source bnb
016 7# - NATIONAL BIBLIOGRAPHIC AGENCY CONTROL NUMBER
Record control number 018635527
Source Uk
020 ## - INTERNATIONAL STANDARD BOOK NUMBER
International Standard Book Number 9781406379242
Qualifying information paperback
040 ## - CATALOGING SOURCE
Original cataloging agency StDuBDS
Language of cataloging eng
Transcribing agency StDuBDS
Modifying agency Uk
Description conventions rda
042 ## - AUTHENTICATION CODE
Authentication code ukblcatcopy
082 04 - DEWEY DECIMAL CLASSIFICATION NUMBER
Classification number FIC SHU
Edition number 23
100 1# - MAIN ENTRY--PERSONAL NAME
Personal name Shusterman, Neal,
Relator term author.
245 10 - TITLE STATEMENT
Title Scythe /
Statement of responsibility, etc. Neal Shusterman.
264 #1 - PRODUCTION, PUBLICATION, DISTRIBUTION, MANUFACTURE, AND COPYRIGHT NOTICE
Place of production, publication, distribution, manufacture London :
Name of producer, publisher, distributor, manufacturer Walker Books,
Date of production, publication, distribution, manufacture, or copyright notice 2018.
300 ## - PHYSICAL DESCRIPTION
Extent 440 pages ;
Dimensions 20 cm.
336 ## - CONTENT TYPE
Content type term text
Source rdacontent
337 ## - MEDIA TYPE
Media type term unmediated
Source rdamedia
338 ## - CARRIER TYPE
Carrier type term volume
Source rdacarrier
490 0# - SERIES STATEMENT
Series statement Arc of a scythe ;
Volume/sequential designation 1
500 ## - GENERAL NOTE
General note Formerly CIP.
Institution to which field applies Uk
520 ## - SUMMARY, ETC.
Summary, etc. "A dark, gripping and witty thriller in which the only thing humanity has control over is death. In a world where disease, war and crime have been eliminated, the only way to die is to be randomly killed ("gleaned") by professional scythes. Citra and Rowan are teenagers who have been selected to be scythes' apprentices, and despite wanting nothing to do with the vocation, they must learn the art of killing and understand the necessity of what they do. Only one of them will be chosen as a scythe's apprentice and as Citra and Rowan come up against a terrifyingly corrupt Scythedom, it becomes clear that the winning apprentice's first task will be to glean the loser."
650 ## - SUBJECT ADDED ENTRY--TOPICAL TERM
Topical term or geographic name entry element Science fiction.
650 ## - SUBJECT ADDED ENTRY--TOPICAL TERM
Topical term or geographic name entry element Murder -- Fiction.
655 #0 - INDEX TERM--GENRE/FORM
Genre/form data or focus term Dystopias.
655 #0 - INDEX TERM--GENRE/FORM
Genre/form data or focus term Young adult fiction.
942 ## - ADDED ENTRY ELEMENTS (KOHA)
Source of classification or shelving scheme
Koha item type Books - Fiction
Holdings
Withdrawn status Lost status Source of classification or shelving scheme Damaged status Not for loan Collection code Permanent Location Current Location Shelving location Date acquired Total Checkouts Total Renewals Full call number Barcode Date last seen Date last checked out Price effective from Koha item type
          Fiction KH8 Senior School Library KH8 Senior School Library Fiction 2019-09-04 10 4 FIC SHU 3KHSL000101346 2025-10-27 2025-10-17 2019-09-04 Books - Fiction
          Fiction KH8 Senior School Library KH8 Senior School Library Fiction 2026-03-12     FIC SHU 3KHSL000102641 2026-03-12   2026-03-12 Books - Fiction

Powered By KH8 IT Dept